| 000 | 00742nam a2200205 a 4500 | ||
|---|---|---|---|
| 008 | 101020s2002 ||||||||||||||||| || u | ||
| 020 | _a1852335556 | ||
| 050 | _aT 58.5 Moy | ||
| 100 | _aMoynihan, Tony | ||
| 245 | 1 | 0 | _aCoping with IS/IT risk management: the recipes of experienced project managers |
| 260 |
_aLondon: _bSpringer _c2002 |
||
| 300 | _ax, 328p.: ill. | ||
| 350 | _a0.00 | ||
| 490 | _aPractioner series | ||
| 650 | _aINDUSTRIAL PROJECT MANAGEMENT | ||
| 650 | 0 | _aRISK MANAGEMENT | |
| 650 | 0 | _aMANAGEMENT | |
| 650 | _aINFORMATION RESOURCES MANAGEMENT | ||
| 995 |
_D0.00 _FCBU-MAIN LIBRARY (Kitwe) _H1 _I0.00 _M1 _UAVAILABLE _WJan 5, 2011 _ZMain Library Open Access Collection |
||
| 999 |
_c38769 _d38769 |
||